| 000 | 00852nam a2200253 a 4500 | ||
|---|---|---|---|
| 001 | 59879 | ||
| 003 | BD-RjUL | ||
| 005 | 20211209080758.0 | ||
| 008 | 161227s1977 bg ||||| |||| 00| 0 ben d | ||
| 020 | _c: TK 15.00 | ||
| 035 | _a(BD-RjUL)60003 | ||
| 040 |
_aBD-RjUL _bben _cBD-RjUL |
||
| 041 | _aben | ||
| 082 |
_223 _a362.198 _bHOG 1977 |
||
| 100 |
_aহোসেন, সুরাইয়া _9178152 |
||
| 245 | 1 | 0 |
_aগর্ভবতী মা ও শিশুর কথা / _cসুরাইয়া হোসাইন. |
| 250 | _a১ম সং. | ||
| 260 |
_aঢাকা : _bরামিতাসু প্রকাশনী, _c১৯৭৭. |
||
| 300 |
_a৮৪ পৃ. ; _c২১ সেমি. |
||
| 650 |
_aWomen Health Services _9179573 |
||
| 650 |
_aMaternity _9179574 |
||
| 650 |
_aPregnancy _9179575 |
||
| 942 |
_2ddc _cBK |
||
| 999 |
_c59879 _d59879 |
||